El condenado por desconfiado

Uloženo v:
Podrobná bibliografie
Médium: Kniha
Jazyk:španělština
Vydáno: Zaragoza Ebro 1941
Edice:Biblioteca Clásica Ebro
Témata:
Tagy: Přidat tag
Žádné tagy, Buďte první, kdo vytvoří štítek k tomuto záznamu!

MARC

LEADER 00000nam a2200000 a 4500
001 UCT4203
003 CL-VaPUC
008 961108e19410000SP |||||||||||||||||spa|d
082 0 4 |a 862  |b TIR  |2 21 
245 1 3 |a El condenado por desconfiado 
300 |a 124 p 
942 |c BK 
945 |d 19961108 00:00:00  |a rleighto 
260 |a Zaragoza  |b Ebro  |c 1941 
650 0 |a Drama español  |9 265098 
583 |a last modification  |c 19961108 00:00:00  |k Rodrigo Vera 
490 0 |a Biblioteca Clásica Ebro 
999 |c 253615  |d 253613 
952 |0 0  |1 0  |4 0  |6 862_000000000000000_TIR_1941  |7 0  |8 A  |9 274564  |a BIBEDU  |b BIBEDU  |d 2019-11-19  |i 3249220  |o 862 TIR 1941  |p 3249220  |r 2019-11-19  |w 2019-11-19  |y BK  |k EDU